[Event "WC-2017-P-00003"]
[Site "LSS email"]
[Date "2013.02.27"]
[Round "?"]
[White "Ustimenko, Aleksandr"]
[Black "Gomgar, Joquin"]
[Result "1-0"]
[WhiteElo "2036"]
[BlackElo "2129"]
[PlyCount "27"]
[EventDate "2013.03.03"]
[EventType "tourn (corr)"]
[EventRounds "12"]
[EventCountry "GER"]
[SourceTitle "Corr 2022"]
[Source "ChessBase"]
[SourceDate "2021.10.24"]
[SourceVersion "1"]
[SourceVersionDate "2021.10.24"]
[SourceQuality "1"]

1. e4 e5 2. Nf3 Nc6 3. Bb5 a6 4. Ba4 Nf6 5. 0-0 d6 6. Qe2 Be7 7. c3 0-0 8. Rd1 Bd7 9. Bc2 Re8 10. d4 h6 11. d5 Nb8 12. h3 c6 13. c4 cxd5 14. cxd5 1-0

[Event "BI-2012-F-00015"]
[Site "LSS email"]
[Date "2013.02.15"]
[Round "?"]
[White "Gomgar, Joquin"]
[Black "Hammerschmidt, Volker"]
[Result "0-1"]
[WhiteElo "1587"]
[BlackElo "1890"]
[PlyCount "48"]
[EventDate "2013.02.20"]
[EventType "tourn (corr)"]
[EventRounds "10"]
[EventCountry "GER"]
[SourceTitle "Telechess CBM 163"]
[Source "ChessBase"]
[SourceDate "2014.11.11"]
[SourceVersion "2"]
[SourceVersionDate "2014.11.11"]
[SourceQuality "1"]

1. d4 Nf6 2. c4 e6 3. Nc3 d5 4. e3 c5 5. Nf3 a6 6. cxd5 exd5 7. Be2 c4 8. 0-0 Nc6 9. Ne5 Bd6 10. Nxc6 bxc6 11. b3 cxb3 12. axb3 0-0 13. Qc2 Qe7 14. Bd3 Re8 15. Na4 Ne4 16. Bxe4 dxe4 17. f4 exf3 18. Rxf3 Be6 19. Nb6 Bxh2+ 20. Kxh2 Qc7+ 21. Rg3 Qxb6 22. e4 h5 23. Qc3 h4 24. Rd3 a5 0-1

[Event "BI-2012-F-00015"]
[Site "LSS email"]
[Date "2013.02.15"]
[Round "?"]
[White "Gomgar, Joquin"]
[Black "Mueller Toepler, Michael"]
[Result "0-1"]
[WhiteElo "1587"]
[BlackElo "1607"]
[PlyCount "36"]
[EventDate "2013.02.20"]
[EventType "tourn (corr)"]
[EventRounds "10"]
[EventCountry "GER"]
[SourceTitle "Corr 2015"]
[Source "ChessBase"]
[SourceDate "2015.07.17"]
[SourceVersion "1"]
[SourceVersionDate "2015.07.17"]
[SourceQuality "1"]

1. e4 c5 2. Nf3 d6 3. d4 cxd4 4. Nxd4 Nf6 5. Nc3 a6 6. Be3 e6 7. f3 b5 8. Qd2 Nbd7 9. g4 b4 10. Nce2 h6 11. 0-0-0 Qc7 12. h4 d5 13. Bf4 e5 14. Bh2 dxe4 15. g5 hxg5 16. hxg5 Rxh2 17. Rxh2 exd4 18. Rh8 d3 0-1

[Event "CP-2012-P-00038"]
[Site "LSS email"]
[Date "2012.10.01"]
[Round "?"]
[White "Gomgar, Joquin"]
[Black "Vodicka, Milan"]
[Result "1/2-1/2"]
[WhiteElo "1588"]
[BlackElo "1935"]
[PlyCount "46"]
[EventDate "2012.10.05"]
[EventType "tourn (corr)"]
[EventRounds "6"]
[EventCountry "GER"]
[SourceTitle "Telechess CBM 159"]
[Source "ChessBase"]
[SourceDate "2014.03.17"]
[SourceVersion "1"]
[SourceVersionDate "2014.03.17"]
[SourceQuality "1"]

1. e4 c5 2. Nf3 Nc6 3. d4 cxd4 4. Nxd4 Nf6 5. Nc3 d6 6. Bg5 e6 7. Qd2 Be7 8. 0-0-0 0-0 9. f4 Bd7 10. Ndb5 d5 11. e5 Ne8 12. Bxe7 Qxe7 13. Kb1 f6 14. exf6 Qxf6 15. g3 a6 16. Nd4 Nd6 17. Nf3 b5 18. Bd3 Rab8 19. Rhe1 Nc4 20. Bxc4 bxc4 21. Ne5 Nxe5 22. Rxe5 Qd8 23. b3 cxb3 1/2-1/2

[Event "BI-2012-P-00034"]
[Site "LSS email"]
[Date "2012.04.20"]
[Round "?"]
[White "Gomgar, Joquin"]
[Black "Moskalenko, Eduard"]
[Result "0-1"]
[WhiteElo "1749"]
[BlackElo "2111"]
[PlyCount "52"]
[EventDate "2012.04.22"]
[EventType "tourn (corr)"]
[EventRounds "10"]
[EventCountry "GER"]
[SourceTitle "Telechess CBM 159"]
[Source "ChessBase"]
[SourceDate "2014.03.17"]
[SourceVersion "1"]
[SourceVersionDate "2014.03.17"]
[SourceQuality "1"]

1. e4 c5 2. Nf3 d6 3. d4 cxd4 4. Nxd4 Nf6 5. Nc3 a6 6. Be3 e5 7. Nb3 Be6 8. f3 Be7 9. Qd2 0-0 10. 0-0-0 Qc7 11. g4 b5 12. g5 Nh5 13. Nd5 Bxd5 14. Qxd5 Nd7 15. Qd2 Rfb8 16. Qa5 Qc6 17. Kb1 Nb6 18. Qe1 a5 19. Nxa5 Qc7 20. Bd3 Nf4 21. Bxf4 exf4 22. e5 d5 23. e6 Nc4 24. exf7+ Kf8 25. Nb3 Qa7 26. Nc1 Nxb2 0-1

[Event "BI-2012-P-00034"]
[Site "LSS email"]
[Date "2012.04.20"]
[Round "?"]
[White "Gomgar, Joquin"]
[Black "Wantoch Rekowski, Jacek"]
[Result "1/2-1/2"]
[WhiteElo "1749"]
[BlackElo "1781"]
[PlyCount "99"]
[EventDate "2012.04.22"]
[EventType "tourn (corr)"]
[EventRounds "10"]
[EventCountry "GER"]
[SourceTitle "Telechess CBM 159"]
[Source "ChessBase"]
[SourceDate "2014.03.17"]
[SourceVersion "1"]
[SourceVersionDate "2014.03.17"]
[SourceQuality "1"]

1. e4 c5 2. Nf3 d6 3. d4 cxd4 4. Nxd4 Nf6 5. Nc3 a6 6. Be3 e5 7. Nb3 Be7 8. f3 Be6 9. Qd2 0-0 10. 0-0-0 a5 11. Bb5 Na6 12. Qe2 Qb8 13. g4 Nc7 14. Ba4 Rc8 15. g5 Nh5 16. Rhg1 b5 17. Bxb5 Nxb5 18. Qxb5 Qxb5 19. Nxb5 a4 20. Nd2 Rab8 21. Nc3 Rxc3 22. bxc3 Bxa2 23. Rde1 Nf4 24. Bxf4 exf4 25. Kd1 f6 26. Ke2 fxg5 27. Ra1 Rb2 28. Kd3 Kf7 29. c4 Bf6 30. Nb1 Rxc2 31. Kxc2 Bxa1 32. Nc3 Bb3+ 33. Kd2 Bb2 34. Rxg5 a3 35. Ra5 Bxc4 36. Kc2 Ke6 37. Nd1 Be2 38. Nxb2 axb2 39. Rf5 g5 40. Kxb2 Bxf3 41. Kc3 Bxe4 42. Rxg5 Bf5 43. Kd4 d5 44. Rg8 Be4 45. Rf8 f3 46. Rf4 Kd6 47. Rf6+ Ke7 48. Ke5 Kd7 49. Rd6+ Kc7 50. Ra6 1/2-1/2

[Event "BI-2012-P-00034"]
[Site "LSS email"]
[Date "2012.04.20"]
[Round "?"]
[White "Gomgar, Joquin"]
[Black "Zimmermann, Matthias"]
[Result "1-0"]
[WhiteElo "1749"]
[BlackElo "1184"]
[PlyCount "97"]
[EventDate "2012.04.22"]
[EventType "tourn (corr)"]
[EventRounds "10"]
[EventCountry "GER"]
[SourceTitle "Telechess CBM 159"]
[Source "ChessBase"]
[SourceDate "2014.03.17"]
[SourceVersion "1"]
[SourceVersionDate "2014.03.17"]
[SourceQuality "1"]

1. e4 e5 2. Nf3 Nc6 3. Bb5 a6 4. Ba4 Nf6 5. 0-0 Nxe4 6. d4 b5 7. Bb3 d5 8. dxe5 Be6 9. Nbd2 Nc5 10. c3 d4 11. Bxe6 Nxe6 12. cxd4 Ncxd4 13. a4 Be7 14. Nxd4 Nxd4 15. Ne4 0-0 16. axb5 Nxb5 17. Be3 Qc8 18. Qc2 Qe6 19. f4 Rad8 20. Qa4 Rd3 21. Nc5 Bxc5 22. Bxc5 Rfd8 23. Qxa6 Qc4 24. Rac1 Qb3 25. f5 R3d5 26. Rfe1 Rd2 27. Qc6 Nd4 28. Bxd4 R2xd4 29. e6 h6 30. e7 Kh7 31. exd8Q Rxd8 32. Qc3 Qb6+ 33. Kh1 Qf2 34. Rf1 Qe2 35. Rce1 Qd3 36. Qxd3 Rxd3 37. Re7 f6 38. Rxc7 h5 39. b4 Rb3 40. Rb7 h4 41. h3 Kh6 42. Kh2 Rb2 43. Rf3 Re2 44. Rb3 Rd2 45. b5 Rd8 46. b6 Kg5 47. Rxg7+ Kxf5 48. b7 Rb8 49. Ra3 1-0

[Event "BI-2012-P-00034"]
[Site "LSS email"]
[Date "2012.04.20"]
[Round "?"]
[White "Nicolaescu, Nicolae"]
[Black "Gomgar, Joquin"]
[Result "1/2-1/2"]
[WhiteElo "1690"]
[BlackElo "1749"]
[PlyCount "107"]
[EventDate "2012.04.22"]
[EventType "tourn (corr)"]
[EventRounds "10"]
[EventCountry "GER"]
[SourceTitle "Telechess CBM 159"]
[Source "ChessBase"]
[SourceDate "2014.03.17"]
[SourceVersion "1"]
[SourceVersionDate "2014.03.17"]
[SourceQuality "1"]

1. e4 c5 2. Nf3 Nc6 3. d4 cxd4 4. Nxd4 Nf6 5. Nc3 d6 6. Be2 e5 7. Nb3 Be7 8. 0-0 0-0 9. Be3 Be6 10. f4 exf4 11. Bxf4 d5 12. exd5 Nxd5 13. Nxd5 Bxd5 14. c3 Qb6+ 15. Kh1 Rad8 16. Qc2 Bf6 17. Bd3 g6 18. Rae1 Rfe8 19. Bg3 Bg7 20. Bh4 Ra8 21. Be4 Bc4 22. Bd3 Qb5 23. Bxc4 Qxc4 24. Bg3 Re7 25. Qf2 Rae8 26. h3 h5 27. Bd6 Rxe1 28. Rxe1 Rxe1+ 29. Qxe1 Kh7 30. Qf2 a5 31. Nc1 Bh6 32. b3 Qe6 33. Ba3 Bg7 34. c4 Qe4 35. Bc5 Qb1 36. Be3 Kg8 37. Qd2 Bb2 38. Bg5 Bxc1 39. Qxc1 Qxa2 40. Qc3 Qb1+ 41. Kh2 Qe4 42. Bf6 Qf4+ 43. Kg1 Kf8 44. Kh1 Qf1+ 45. Kh2 Qf2 46. Kh1 Ke8 47. Be5 Ke7 48. Bc7 Ke6 49. Kh2 Kd7 50. Bg3 Qd4 51. Qf3 Ke8 52. Bf2 Qd6+ 53. Bg3 Qe7 54. Qd5 1/2-1/2

[Event "BI-2011-F-00012"]
[Site "LSS email"]
[Date "2012.02.12"]
[Round "?"]
[White "Aalderink, Gerwin"]
[Black "Gomgar, Joquin"]
[Result "1-0"]
[WhiteElo "1955"]
[BlackElo "1588"]
[PlyCount "97"]
[EventDate "2012.02.15"]
[EventType "tourn (corr)"]
[EventRounds "10"]
[EventCountry "GER"]
[SourceTitle "Telechess CBM 161"]
[Source "ChessBase"]
[SourceDate "2014.07.16"]
[SourceVersion "1"]
[SourceVersionDate "2014.07.16"]
[SourceQuality "1"]

1. Nf3 Nf6 2. d4 d5 3. c4 c6 4. Nc3 e6 5. e3 Nbd7 6. Qc2 Bd6 7. Bd3 0-0 8. 0-0 dxc4 9. Bxc4 h6 10. Rd1 Qc7 11. Bd2 b6 12. h3 Re8 13. Rac1 Bb7 14. e4 e5 15. Be3 exd4 16. Nxd4 Nc5 17. f3 a5 18. a3 Nh5 19. Nf5 Bh2+ 20. Kh1 Bc8 21. g4 Ng3+ 22. Nxg3 Bxg3 23. Ne2 Bd6 24. Kg2 a4 25. Rd2 Qe7 26. Rcd1 Bc7 27. Ng3 Nb7 28. f4 b5 29. Ba2 Ba5 30. Rd3 c5 31. Bb1 Qe6 32. Rd5 Qc6 33. e5 g6 34. Qe4 Be6 35. Rxc5 Qxe4+ 36. Nxe4 Nxc5 37. Nf6+ Kh8 38. Nxe8 Bb3 39. Rc1 Rxe8 40. Rxc5 Bb6 41. Rc3 Bxe3 42. Rxe3 Bc4 43. Rc3 Kg7 44. Kf3 f6 45. exf6+ Kxf6 46. Bd3 Bxd3 47. Rxd3 Re6 48. h4 Rb6 49. Rd7 1-0

[Event "WC-2016-P-00017"]
[Site "LSS email"]
[Date "2012.02.12"]
[Round "?"]
[White "Gomgar, Joquin"]
[Black "Zasinets, Dima"]
[Result "0-1"]
[WhiteElo "1749"]
[BlackElo "2038"]
[PlyCount "90"]
[EventDate "2012.02.15"]
[EventType "tourn (corr)"]
[EventRounds "12"]
[EventCountry "GER"]
[SourceTitle "Telechess CBM 159"]
[Source "ChessBase"]
[SourceDate "2014.03.17"]
[SourceVersion "1"]
[SourceVersionDate "2014.03.17"]
[SourceQuality "1"]

1. e4 c5 2. Nf3 d6 3. d4 cxd4 4. Nxd4 Nf6 5. Nc3 a6 6. Be3 e5 7. Nb3 Be7 8. f3 Be6 9. Qd2 h5 10. 0-0-0 Nbd7 11. Kb1 Rc8 12. Nd5 Bxd5 13. exd5 Nb6 14. Qa5 Qc7 15. c3 Bd8 16. Bxb6 Qxb6 17. Qa4+ Kf8 18. f4 g6 19. g3 Rc7 20. fxe5 dxe5 21. Qa3+ Kg7 22. d6 Rc6 23. Bg2 e4 24. Rhe1 Qf2 25. Bxe4 Nxe4 26. Rxe4 Qf5 27. Qb4 a5 28. Qd4+ Bf6 29. Qd3 Rxd6 30. Qxd6 Qxe4+ 31. Qd3 Qe5 32. a4 Rd8 33. Nd4 Qd5 34. Kc2 h4 35. Rd2 h3 36. b3 Re8 37. Qb5 Qe4+ 38. Kb2 Qe1 39. Qd3 Re3 40. Qc2 Qh1 41. Rd1 Re1 42. Rxe1 Qxe1 43. Ne2 Bg5 44. Nc1 Qg1 45. Nd3 Qg2 0-1

[Event "WC-2016-P-00017"]
[Site "LSS email"]
[Date "2012.02.12"]
[Round "?"]
[White "Matugin, Sergei"]
[Black "Gomgar, Joquin"]
[Result "1/2-1/2"]
[WhiteElo "2006"]
[BlackElo "1749"]
[PlyCount "55"]
[EventDate "2012.02.15"]
[EventType "tourn (corr)"]
[EventRounds "12"]
[EventCountry "GER"]
[SourceTitle "Telechess CBM 159"]
[Source "ChessBase"]
[SourceDate "2014.03.17"]
[SourceVersion "1"]
[SourceVersionDate "2014.03.17"]
[SourceQuality "1"]

1. e4 e5 2. Nf3 Nc6 3. Bb5 a6 4. Ba4 Nf6 5. 0-0 Be7 6. Re1 b5 7. Bb3 d6 8. c3 0-0 9. h3 Na5 10. Bc2 c5 11. d4 Qc7 12. Nbd2 Be6 13. Nf1 cxd4 14. cxd4 Rac8 15. Bd3 exd4 16. Nxd4 Nc6 17. Be3 Ne5 18. Ng3 d5 19. Bf4 Bb4 20. Rc1 Qb8 21. Rxc8 Rxc8 22. Nf3 Nxf3+ 23. Qxf3 Qb6 24. Rd1 dxe4 25. Nxe4 Be7 26. Bg5 Nd5 27. Bxe7 Nxe7 28. Bb1 1/2-1/2

[Event "BI-2011-F-00012"]
[Site "LSS email"]
[Date "2012.02.12"]
[Round "?"]
[White "Tanti, Joseph G"]
[Black "Gomgar, Joquin"]
[Result "1/2-1/2"]
[WhiteElo "1571"]
[BlackElo "1588"]
[PlyCount "121"]
[EventDate "2012.02.15"]
[EventType "tourn (corr)"]
[EventRounds "10"]
[EventCountry "GER"]
[SourceTitle "Telechess CBM 161"]
[Source "ChessBase"]
[SourceDate "2014.07.16"]
[SourceVersion "1"]
[SourceVersionDate "2014.07.16"]
[SourceQuality "1"]

1. e4 c5 2. Nf3 d6 3. d4 cxd4 4. Nxd4 Nf6 5. Nc3 a6 6. Bg5 e6 7. f4 Qb6 8. Qd2 Qxb2 9. Rb1 Qa3 10. e5 dxe5 11. fxe5 Nfd7 12. Ne4 Qxa2 13. Rd1 h6 14. Bh4 Qd5 15. Qe3 Qxe5 16. Be2 Bc5 17. Bg3 Bxd4 18. Rxd4 Qa5+ 19. Rd2 0-0 20. Bd6 Re8 21. 0-0 f5 22. Qg3 Nc6 23. Qg6 Qd8 24. Rd3 Re7 25. Rg3 Nd4 26. Bd3 b5 27. c3 Bb7 28. cxd4 fxe4 29. Bxe4 Bxe4 30. Qxe4 Rc8 31. Bxe7 Qxe7 32. Qb7 Rc4 33. Qxa6 Rxd4 34. Qxb5 Rd5 35. Qb7 Qc5+ 36. Kh1 Rf5 37. Rgf3 Qb5 38. Qc8+ Kf7 39. Qc1 g5 40. h3 Nf6 41. Qc7+ Kg6 42. Qc2 g4 43. Rf4 h5 44. Kh2 Qe5 45. g3 gxh3 46. Kxh3 Nh7 47. R1f2 Qd5 48. Kh2 Nf6 49. R2f3 Kg5 50. Rd3 Qe5 51. Rxf5+ exf5 52. Qd2+ Kg6 53. Kg1 Qe4 54. Re3 Qg4 55. Kh2 h4 56. Qd6 Qa4 57. gxh4 Qxh4+ 58. Kg1 Kh5 59. Qd3 Qg4+ 60. Rg3 Qe4 61. Qxe4 1/2-1/2

[Event "SD-2011-0-00124"]
[Site "LSS email"]
[Date "2011.12.09"]
[Round "?"]
[White "Metz, Larry R"]
[Black "Gomgar, Joquin"]
[Result "0-1"]
[WhiteElo "1380"]
[BlackElo "1759"]
[PlyCount "68"]
[EventDate "2011.11.10"]
[EventType "tourn (corr)"]
[EventRounds "6"]
[EventCountry "GER"]
[SourceTitle "Telechess CBM 159"]
[Source "ChessBase"]
[SourceDate "2014.03.17"]
[SourceVersion "1"]
[SourceVersionDate "2014.03.17"]
[SourceQuality "1"]

1. e4 e5 2. Nf3 Nc6 3. d4 exd4 4. Nxd4 Bc5 5. Nb3 Bb6 6. Bd3 Nf6 7. 0-0 0-0 8. Nc3 d6 9. Na4 Be6 10. Bf4 Qe7 11. Re1 Ng4 12. Nxb6 axb6 13. Qd2 Nge5 14. Bb5 Qf6 15. Bg5 Qg6 16. f4 h6 17. Bxc6 Nxc6 18. Bh4 f5 19. exf5 Bxf5 20. c3 Be6 21. Nc1 Rfe8 22. b3 Bh3 23. Rxe8+ Rxe8 24. a4 Be6 25. Bg3 Bf7 26. Ra2 Qe4 27. Rb2 Na5 28. Bf2 Bd5 29. Bh4 c5 30. Bg3 Bf7 31. Bf2 Kh7 32. h3 Bd5 33. Qc2 Qxc2 34. Rxc2 Nxb3 0-1

[Event "SD-2011-0-00124"]
[Site "LSS email"]
[Date "2011.12.09"]
[Round "?"]
[White "Posada, Charlie"]
[Black "Gomgar, Joquin"]
[Result "1/2-1/2"]
[WhiteElo "1669"]
[BlackElo "1759"]
[PlyCount "169"]
[EventDate "2011.11.10"]
[EventType "tourn (corr)"]
[EventRounds "6"]
[EventCountry "GER"]
[SourceTitle "Telechess CBM 159"]
[Source "ChessBase"]
[SourceDate "2014.03.17"]
[SourceVersion "1"]
[SourceVersionDate "2014.03.17"]
[SourceQuality "1"]

1. e4 e5 2. Nf3 Nc6 3. Bb5 a6 4. Ba4 Nf6 5. 0-0 Be7 6. Re1 b5 7. Bb3 d6 8. c3 0-0 9. h3 Na5 10. Bc2 c5 11. d4 cxd4 12. cxd4 Bb7 13. Nc3 Rc8 14. d5 Qc7 15. Bd3 Nc4 16. a4 b4 17. Ne2 Nd7 18. Ng3 Rfd8 19. Nf5 Bf8 20. Qb3 a5 21. Qa2 Ncb6 22. Bb5 Nc5 23. Bg5 f6 24. Be3 Qf7 25. Rac1 Nbd7 26. Qb1 g6 27. Ng3 Nb3 28. Rc2 h6 29. h4 h5 30. Qd1 Nbc5 31. Nd2 Ra8 32. Nb3 Rdc8 33. Nxc5 Nxc5 34. Bxc5 Rxc5 35. Rxc5 dxc5 36. Qe2 Rd8 37. Ba6 Ba8 38. Bc4 Kh7 39. b3 Qe7 40. Nf1 Bh6 41. Ne3 Bb7 42. Bb5 Bxe3 43. Qxe3 Rc8 44. g3 Qd6 45. f3 Kg7 46. Rc1 Qe7 47. Kf2 f5 48. Ke2 f4 49. Qf2 fxg3 50. Qxg3 Qd6 51. Ke3 Rf8 52. Be2 Bc6 53. Qg5 Be8 54. Kd2 Rf7 55. Rc4 Kh8 56. Qh6+ Rh7 57. Qe3 Rc7 58. Qg1 Kg7 59. Qg5 Re7 60. Qg3 Rc7 61. Kd3 Kh7 62. Ke3 Rf7 63. Qg1 Kh8 64. Kd3 Rc7 65. Kc2 Qe7 66. Qg3 Qf6 67. Kb2 Kh7 68. Rc1 Qd6 69. Qg5 Kg7 70. Rg1 Kh7 71. Qe3 Kg7 72. Rd1 Re7 73. Rc1 Rc7 74. Qg5 Kh7 75. f4 exf4 76. Bc4 Re7 77. Re1 Qe5+ 78. Qxe5 Rxe5 79. d6 f3 80. Kc2 Bc6 81. Kd2 Kg7 82. Re3 f2 83. Ke2 Kf8 84. Kxf2 Rxe4 85. Rxe4 1/2-1/2

[Event "SD-2011-0-00124"]
[Site "LSS email"]
[Date "2011.12.09"]
[Round "?"]
[White "Van Rooijen, Peter"]
[Black "Gomgar, Joquin"]
[Result "0-1"]
[WhiteElo "1692"]
[BlackElo "2182"]
[PlyCount "74"]
[EventDate "2011.11.10"]
[EventType "tourn (corr)"]
[EventRounds "6"]
[EventCountry "GER"]
[SourceTitle "Corr 2022"]
[Source "ChessBase"]
[SourceDate "2021.10.24"]
[SourceVersion "1"]
[SourceVersionDate "2021.10.24"]
[SourceQuality "1"]

1. b4 e5 2. Bb2 Bxb4 3. f4 d6 4. Nf3 Nc6 5. a3 Ba5 6. e3 Nf6 7. fxe5 Ng4 8. Bc3 Ngxe5 9. Bxa5 Nxa5 10. Be2 Be6 11. Nc3 0-0 12. 0-0 Nac4 13. Qe1 Qd7 14. d4 Nxf3+ 15. Rxf3 c6 16. e4 b5 17. Bd3 Nb2 18. Bf1 Bc4 19. Qh4 f6 20. Rg3 Bxf1 21. Rxf1 Nc4 22. d5 c5 23. Rxf6 Rxf6 24. Qxf6 Re8 25. Ne2 Nd2 26. Qf4 Nxe4 27. Rf3 Nf6 28. Nc3 a6 29. h3 Qe7 30. Rd3 Qe1+ 31. Qf1 c4 32. Qxe1 Rxe1+ 33. Kf2 Ra1 34. Rd4 Rxa3 35. Nd1 Ra2 36. Ne3 a5 37. Kf3 Ra1 0-1

[Event "SD-2011-0-00121"]
[Site "LSS email"]
[Date "2011.11.25"]
[Round "?"]
[White "Gomgar, Joquin"]
[Black "Zhdanenia, Konstantin A"]
[Result "1/2-1/2"]
[WhiteElo "1727"]
[BlackElo "1953"]
[PlyCount "161"]
[EventDate "2011.10.10"]
[EventType "tourn (corr)"]
[EventRounds "6"]
[EventCountry "GER"]
[SourceTitle "Telechess CBM 153"]
[Source "ChessBase"]
[SourceDate "2013.03.14"]
[SourceVersion "1"]
[SourceVersionDate "2013.03.14"]
[SourceQuality "1"]

1. e4 e6 2. d4 d5 3. Nc3 Bb4 4. e5 c5 5. a3 Bxc3+ 6. bxc3 Ne7 7. Qg4 Qc7 8. Qxg7 Rg8 9. Qxh7 cxd4 10. Ne2 Nbc6 11. f4 Bd7 12. Bb2 dxc3 13. Nxc3 Nd4 14. Qd3 Ndf5 15. g3 0-0-0 16. 0-0-0 Kb8 17. Nb5 Bxb5 18. Qxb5 Ne3 19. Rd2 Rc8 20. Bd3 N7f5 21. Re1 Ka8 22. Rde2 Nc4 23. Ba1 Rg6 24. Qa4 Qe7 25. Bc3 Nb6 26. Qb4 Qc7 27. Ba1 Rh6 28. Rd2 Qd7 29. Ree2 Qe8 30. Qb5 Rc6 31. Rd1 Kb8 32. g4 Ne7 33. Bd4 Qh8 34. Bc5 a6 35. Qb4 Nec8 36. Rh1 Rh4 37. Rg2 Qg7 38. h3 Qh6 39. Kb1 Rxh3 40. Rhg1 Rf3 41. g5 Qh3 42. Qd4 Nc4 43. Bxc4 Rc3 44. Bxa6 Rxa6 45. Bb4 Rcxa3 46. Bxa3 Qxa3 47. Rg3 Qa2+ 48. Kc1 Rc6 49. Qb2 Qc4 50. Rb3 Qxf4+ 51. Kb1 Rc7 52. g6 fxg6 53. Rxg6 Qf1+ 54. Qc1 Qf5 55. Rg5 Qf2 56. Rgg3 Rc6 57. Rgf3 Qe2 58. Rfe3 Qf2 59. Rb2 Nb6 60. Reb3 Nc4 61. Rxb7+ Kc8 62. Rb8+ Kd7 63. Qh1 Nxe5 64. Qh7+ Nf7 65. R2b7+ Kd6 66. Ra8 Qe1+ 67. Ka2 Qe2 68. Rd7+ Kc5 69. Ra3 Qc4+ 70. Rb3 Nd6 71. Rc7 e5 72. Kb2 d4 73. Ra7 Ra6 74. Qg7 Rxa7 75. Qxa7+ Kd5 76. Rb6 Qc3+ 77. Kb1 Ke4 78. Qh7+ Nf5 79. Rb3 Qe1+ 80. Kb2 Qe2 81. Rd3 1/2-1/2

[Event "SD-2011-0-00121"]
[Site "LSS email"]
[Date "2011.11.24"]
[Round "?"]
[White "Gomgar, Joquin"]
[Black "Martin, Helmut"]
[Result "1-0"]
[WhiteElo "1727"]
[BlackElo "1231"]
[PlyCount "53"]
[EventDate "2011.10.10"]
[EventType "tourn (corr)"]
[EventRounds "6"]
[EventCountry "GER"]
[SourceTitle "Telechess CBM 153"]
[Source "ChessBase"]
[SourceDate "2013.03.14"]
[SourceVersion "1"]
[SourceVersionDate "2013.03.14"]
[SourceQuality "1"]

1. e4 e5 2. Nf3 d6 3. d4 Bg4 4. Be2 Nc6 5. d5 Bxf3 6. gxf3 Nf6 7. dxc6 bxc6 8. Nc3 Nh5 9. Rg1 Qh4 10. Bb5 Qxh2 11. Bxc6+ Kd8 12. Rf1 Rb8 13. Qd5 Nf6 14. Qxf7 Qh5 15. Qe6 Rb6 16. Nd5 Rxc6 17. Nxf6 gxf6 18. Qxf6+ Ke8 19. Qxh8 Rxc2 20. Qf6 Be7 21. Qf5 Qxf5 22. exf5 Rc4 23. Rh1 Rh4 24. Rxh4 Bxh4 25. Be3 Ke7 26. Ke2 c5 27. Rh1 1-0

[Event "SD-2011-0-00121"]
[Site "LSS email"]
[Date "2011.11.24"]
[Round "?"]
[White "Martin, Dennis"]
[Black "Gomgar, Joquin"]
[Result "0-1"]
[WhiteElo "1158"]
[BlackElo "1727"]
[PlyCount "58"]
[EventDate "2011.10.10"]
[EventType "tourn (corr)"]
[EventRounds "6"]
[EventCountry "GER"]
[SourceTitle "Telechess CBM 153"]
[Source "ChessBase"]
[SourceDate "2013.03.14"]
[SourceVersion "1"]
[SourceVersionDate "2013.03.14"]
[SourceQuality "1"]

1. e4 e5 2. Nf3 Nc6 3. Bc4 Bc5 4. c3 Nf6 5. d4 exd4 6. e5 d5 7. Bb5 Ne4 8. cxd4 Bb4+ 9. Bd2 Be7 10. Nc3 0-0 11. h3 a6 12. Bd3 Nxd2 13. Qxd2 f6 14. 0-0 fxe5 15. Nxe5 Nxe5 16. dxe5 c6 17. f4 Bc5+ 18. Kh2 Qe7 19. Qc2 g6 20. Rae1 Kh8 21. Rf3 Be6 22. Ne2 Ba7 23. Nc3 c5 24. Ne2 c4 25. Bxg6 hxg6 26. Qxg6 Bf5 27. Qh6+ Qh7 28. Qg5 Be4 29. Rc3 Rf5 0-1

[Event "CP-2011-P-00062"]
[Site "LSS email"]
[Date "2011.09.30"]
[Round "?"]
[White "Bogomolov, Alexander"]
[Black "Gomgar, Joquin"]
[Result "0-1"]
[WhiteElo "1455"]
[BlackElo "1738"]
[PlyCount "50"]
[EventDate "2011.10.01"]
[EventType "tourn (corr)"]
[EventRounds "6"]
[EventCountry "GER"]
[SourceTitle "Telechess CBM 165"]
[Source "ChessBase"]
[SourceDate "2015.03.11"]
[SourceVersion "1"]
[SourceVersionDate "2015.03.11"]
[SourceQuality "1"]

1. e4 e5 2. Nf3 Nf6 3. Nxe5 d6 4. Nf3 Nxe4 5. d4 d5 6. Bd3 Be7 7. 0-0 0-0 8. c4 Nf6 9. Nc3 Nc6 10. h3 dxc4 11. Bxc4 Na5 12. Bd3 Be6 13. Bg5 h6 14. Bxf6 Bxf6 15. d5 Bxc3 16. dxe6 Bxb2 17. Rb1 Bf6 18. Qe2 Qd6 19. Rb5 Rad8 20. Rd1 Qxe6 21. Qxe6 fxe6 22. Rxa5 Rd6 23. Be2 Rxd1+ 24. Bxd1 a6 25. Bb3 Re8 0-1

[Event "CP-2011-P-00062"]
[Site "LSS email"]
[Date "2011.09.30"]
[Round "?"]
[White "Gomgar, Joquin"]
[Black "Podvoysky, Evgeny Borisovich"]
[Result "0-1"]
[WhiteElo "1738"]
[BlackElo "2199"]
[PlyCount "112"]
[EventDate "2011.10.01"]
[EventType "tourn (corr)"]
[EventRounds "6"]
[EventCountry "GER"]
[SourceTitle "Telechess CBM 165"]
[Source "ChessBase"]
[SourceDate "2015.03.11"]
[SourceVersion "1"]
[SourceVersionDate "2015.03.11"]
[SourceQuality "1"]

1. e4 e5 2. Nf3 Nc6 3. Bb5 a6 4. Bxc6 dxc6 5. 0-0 Be7 6. Nxe5 Qd4 7. Nf3 Qxe4 8. Re1 Qg6 9. Ne5 Qf5 10. d3 Be6 11. Qf3 Qxf3 12. Nxf3 h6 13. Bd2 c5 14. Nc3 0-0-0 15. Ne2 Bd6 16. Nf4 Bxf4 17. Bxf4 Ne7 18. Be5 Rhg8 19. Bc3 Nd5 20. Bd2 Rge8 21. a3 Ne7 22. Bc3 Nf5 23. g4 Nd6 24. h3 f6 25. Nd2 Nb5 26. Kg2 b6 27. Kg3 c4 28. Nxc4 Bxc4 29. dxc4 Nxc3 30. bxc3 Rxe1 31. Rxe1 Rd2 32. Rc1 Kb7 33. f3 a5 34. h4 a4 35. h5 Kc6 36. Rb1 Rxc2 37. Rb4 Rxc3 38. Rxa4 Kc5 39. Ra7 Kd6 40. Ra4 Ke5 41. Ra8 Ke6 42. Ra4 f5 43. Kf4 fxg4 44. fxg4 Kf6 45. Ke4 Kg5 46. Kd4 Rf3 47. Ra7 Rf7 48. c5 bxc5+ 49. Kxc5 Kxg4 50. a4 Kxh5 51. a5 g5 52. a6 Rf6 53. Kb5 g4 54. Rxc7 g3 55. a7 Rf8 56. Rb7 Ra8 0-1

[Event "CP-2011-P-00062"]
[Site "LSS email"]
[Date "2011.09.30"]
[Round "?"]
[White "Weiss, Lester P"]
[Black "Gomgar, Joquin"]
[Result "1/2-1/2"]
[WhiteElo "1933"]
[BlackElo "1738"]
[PlyCount "57"]
[EventDate "2011.10.01"]
[EventType "tourn (corr)"]
[EventRounds "6"]
[EventCountry "GER"]
[SourceTitle "Telechess CBM 165"]
[Source "ChessBase"]
[SourceDate "2015.03.11"]
[SourceVersion "1"]
[SourceVersionDate "2015.03.11"]
[SourceQuality "1"]

1. e4 e5 2. Nf3 Nf6 3. Nc3 Nc6 4. Bb5 Nd4 5. Bc4 Nxf3+ 6. Qxf3 Bc5 7. d3 0-0 8. Bg5 c6 9. a4 d6 10. Rb1 a5 11. 0-0 h6 12. Bd2 Re8 13. Qg3 Kf8 14. Kh1 Be6 15. Bxe6 Rxe6 16. Ne2 d5 17. f4 Bd6 18. Bc3 exf4 19. Nxf4 Bxf4 20. Qxf4 dxe4 21. dxe4 Qe7 22. Qg3 Rxe4 23. Rbe1 Re8 24. Rxe4 Qxe4 25. Bxf6 gxf6 26. Qd6+ Qe7 27. Qf4 Kg7 28. Qg4+ Kf8 29. Qf4 1/2-1/2